000 00594nam a2200217Ia 4500
005 20260429111927.0
008 260429s9999||||xx |||||||||||||| ||und||
020 _a9788119920204
041 _aEnglish
082 _a624.151
_bMAR
100 _aMaram, Paul
245 0 _aEngineering and general geology /
_cPaul Maram
250 _a1st ed.
260 _aNew Delhi :
_bVenus Books, Publishers & Distributors,
_c2024.
300 _aix, 320 p.; hb
650 _a Earth sciences
650 _a Geology
650 _a Geotechnical studies
650 _aEngineering geology
942 _cTB
999 _c51470
_d51470